| 000 | 00596nam a2200217Ia 4500 | ||
|---|---|---|---|
| 003 | OSt | ||
| 005 | 20220926020652.0 | ||
| 006 | a|||||r|||| 00| 0 | ||
| 007 | ta | ||
| 008 | 220923b |||||||| |||| 00| 0 eng d | ||
| 037 | _cGeneral Book | ||
| 040 |
_aRTL _cRTL _beng |
||
| 041 |
_2eng _aeng |
||
| 082 | _aS:4OgG:55, L3 | ||
| 100 |
_aITTELSON William H. _9324866 |
||
| 245 | 0 | _aEnvironment and cognition | |
| 260 |
_aNew York _bSeminar Press _c1973 |
||
| 300 |
_axii,187p. _ccm. |
||
| 942 |
_hS:4OgG:55, L3 _cGB _2CC |
||
| 999 |
_c634753 _d634753 |
||